| 000 | 00520 a2200193 4500 | ||
|---|---|---|---|
| 020 | _a0-672-32588-8 | ||
| 040 |
_aDLC _bDLC |
||
| 082 | 0 | _a005.4 | |
| 100 | 1 | _aBall, Bill | |
| 245 | 1 | 0 |
_aRed Hat Linux 9 unleashed _cBilly Ball, Hoyt Duff |
| 260 |
_aIndia _bpearson _ccop. 2003 |
||
| 300 |
_axxvii, 1002 s. : _bill. + _e1 CD-ROM |
||
| 500 | _aHä²´ill CD-ROM | ||
| 650 | 7 | _aOperativsystem | |
| 650 | 7 | _aLinux | |
| 650 | 7 | _aOperating systems (Computers) | |
| 700 | 1 |
_aDuff, Hoyt _4aut |
|
| 942 |
_cBK _k005.4469 BAL _2ddc |
||
| 999 |
_c6465 _d6465 |
||